ბათუმის შოთა რუსთაველის სახელმწიფო უნივერსიტეტის ბიბლიოთეკა

Международная экономика: Теория и политика =International Economics (ბიბ.ჩანაწერი № 36960)

000 -LEADER
fixed length control field 00884nam a2200253Ia 4500
001 - CONTROL NUMBER
control field 2912
003 - CONTROL NUMBER IDENTIFIER
control field GE_BSU
008 - FIXED-LENGTH DATA ELEMENTS--GENERAL INFORMATION
fixed length control field 181216s||||||||xx |||||||||||||| ||und||
020 ## - INTERNATIONAL STANDARD BOOK NUMBER
International Standard Book Number 5851730625;0673521869
040 ## - CATALOGING SOURCE
Transcribing agency GE_BSU
080 ## - UNIVERSAL DECIMAL CLASSIFICATION NUMBER
Universal Decimal Classification number 339.9(075.8)
100 ## - MAIN ENTRY--PERSONAL NAME
Personal name Кругман П.Р Обстфельд, М;
245 ## - TITLE STATEMENT
Title Международная экономика: Теория и политика =International Economics
245 ## - TITLE STATEMENT
Statement of responsibility, etc. Пер. с. Англ. под. ред. В. П. Колесова, М.В. Кулакова.
260 ## - PUBLICATION, DISTRIBUTION, ETC.
Place of publication, distribution, etc. Москва
260 ## - PUBLICATION, DISTRIBUTION, ETC.
Name of publisher, distributor, etc. Экономический факультет МГУ, ЮНИТИ»
260 ## - PUBLICATION, DISTRIBUTION, ETC.
Date of publication, distribution, etc. 1997
300 ## - PHYSICAL DESCRIPTION
Extent 799 ст. 26 см.
520 ## - SUMMARY, ETC.
Summary, etc. АНГ. РУССК
653 ## - INDEX TERM--UNCONTROLLED
Uncontrolled term Межднародная экономика;
653 ## - INDEX TERM--UNCONTROLLED
Uncontrolled term Теория и политика.
942 ## - ADDED ENTRY ELEMENTS (KOHA)
Koha item type წიგნი
ეგზემპლარები
Withdrawn status Lost status Damaged status Not for loan Date acquired Barcode Date last seen Price effective from Koha item type Public note
        2018-12-17 7899 2018-12-17 2018-12-17 წიგნი დარბაზი
        2018-12-17 7900 2018-12-17 2018-12-17 წიგნი დარბაზი